The Babylonian experience
Saved in:
| Main Author: | |
|---|---|
| Format: | Book |
| Language: | English |
| Published: |
Sheed and War
1971
|
| Tags: |
Add Tag
No Tags, Be the first to tag this record!
|
MARC
| LEADER | 00000nam a22000007a 4500 | ||
|---|---|---|---|
| 008 | 201218b ||||| |||| 00| 0 eng d | ||
| 100 | |a RHYMER, Joseph, 1927 | ||
| 245 | |a The Babylonian experience |c Joseph Rhymer | ||
| 260 | |b Sheed and War |c 1971 |h London |i 103636 |i 84914 |l DS121.65 .R34 |m Jews – History – Babylonian captivity, 598-515 B.C. | ||
| 500 | |a (His a way through the Old Testament, 4: The exile). | ||
| 942 | |a lcc |c BK |e ADEYEYE Y. S. |f 18/12/2020 | ||
| 952 | |0 0 |1 0 |2 lcc |4 0 |6 DS012165 R34 |7 0 |9 744 |a HOL |b HOL |c AF |d 2020-12-18 |l 0 |o DS121.65 .R34 |p 2020-229960 |r 2020-12-18 00:00:00 |w 2020-12-18 |y BK | ||
| 952 | |0 0 |1 0 |2 lcc |4 0 |6 DS012165 R34 |7 0 |9 745 |a HOL |b HOL |c AF |d 2020-12-18 |l 0 |o DS121.65 .R34 |p 2020-229961 |r 2020-12-18 00:00:00 |w 2020-12-18 |y BK | ||
| 999 | |c 421 |d 421 | ||